=LDR 00000nam 2200000 4500 =001 INLIS000000000022437 =005 20141022122139.0 =006 =007 =008 Ind =035 ##$$a 0010-061300000022437 =041 ##$$a Ind =082 ##$$a 813 =090 ##$$a 813, Gar-t =100 ##$$a Gardner,Erle Stanley =245 ##$$a Perry Masson, Misteri kasus kuda penari kipas, Erle Stanley Gardner =260 ##$$a Alice Saputra Communications $b Jakarta =300 ##$$a 322 hlm., 18 cm =650 ##$$a Fiksi dewasa-terjemahan =850 ##$$a NBPNMAT